000
00293nam a22001337a 4500
008
181121b xxu||||| |||| 00| 0 eng d
020
_a
9780137012329
041
_a
eng
080
_a
370
100
_a
49
101
_a
EDU
245
_a
Introduction To Teaching
_c
Paul.E
942
_2
udc
_c
BK
999
_c
52302
_d
52302